Smerovanie čínskej ekonomiky v post krízovom období a riziká pre svetové hospodárstvo bakalárska práca

Salvato in:
Dettagli Bibliografici
Autore principale: Úradníková, Silvia
Ente Autore: Obchodná fakulta EU. Katedra medzinárodného obchodu
Altri autori: Harvánek, Lukáš
Natura: Libro
Lingua:slovacco
Pubblicazione: Bratislava 2015
Tags: Aggiungi Tag
Nessun Tag, puoi essere il primo ad aggiungerne!!

MARC

LEADER 00000nbm a2200000 4500
001 0203202
005 20161212105305.1
041 0 |a slo 
044 |a SK 
245 1 0 |a Smerovanie čínskej ekonomiky v post krízovom období a riziká pre svetové hospodárstvo  |b bakalárska práca  |c Silvia Úradníková ; školiteľ: Lukáš Harvánek 
264 1 |a Bratislava  |c 2015 
300 |a 58 s. 
100 1 |a Úradníková, Silvia 
700 1 |a Harvánek, Lukáš 
710 2 |a Obchodná fakulta EU. Katedra medzinárodného obchodu